[Event "XXVII European Club Cup"]
[Site "Rogaska Slatina SLO"]
[Date "2011.09.30"]
[Round "6.2"]
[White "Wojtaszek, Radoslaw"]
[Black "Kogan, Artur"]
[WhiteElo "2704"]
[BlackElo "2563"]
[Result "1-0"]
[PlyCount "81"]
[EventDate "2011.09.25"]

1. d4 e6 2. c4 Bb4+ 3. Nd2 Nc6 4. Ngf3 Nge7 5. a3 Bxd2+ 6. Qxd2 d6 7. b4 e5 8.
Bb2 f6 9. e3 O-O 10. Qc3 Bg4 11. d5 Nb8 12. Nd2 c6 13. dxc6 Nbxc6 14. Bd3 Kh8
15. O-O d5 16. h3 Be6 17. Rfd1 Rc8 18. Bf1 Qe8 19. Rac1 Qg6 20. b5 d4 21. Qd3
Qxd3 22. Bxd3 dxe3 23. fxe3 Na5 24. Bc3 Rfd8 25. Be2 b6 26. Bxa5 bxa5 27. c5 a4
28. Ne4 Rxd1+ 29. Bxd1 Nf5 30. Bg4 Rb8 31. c6 g6 32. c7 Rxb5 33. Bxf5 gxf5 34.
Rc6 Bc8 35. Nd6 Rb1+ 36. Kh2 Bd7 37. c8=Q+ Bxc8 38. Rxc8+ Kg7 39. Nxf5+ Kg6 40.
e4 Rh1+ 41. Kxh1 1-0